Statistiques concernant Les 15 pays européens les plus peuplés

Cliquez ici pour prendre le quiz!

Statistiques générales

  • Ce quiz a été pris 469 fois
  • Le résultat moyen est 14 sur 15

Statistiques - réponses

Nombre d'habitantsPays% Correct
67 750 000France
100%
83 196 000Allemagne
99%
47 416 000Espagne
99%
59 110 000Italie
98%
67 327 000Royaume-Uni
97%
143 449 000Russie
96%
10 325 000Portugal
94%
37 747 000Pologne
92%
11 593 000Belgique
89%
43 793 000Ukraine
88%
10 416 000Suède
86%
17 533 000Pays-Bas
85%
10 641 000Grèce
84%
19 120 000Roumanie
84%
10 506 000République Tchèque
71%

Distribution des résultats

Percentile par nombre de réponses

% des personnes avec chaque résultat

Votre développement - résultats

Vous n’avez pas pris ce quiz